[Event "Xtracon Chess Open 2018"]
[Site "Elsinore"]
[Date "2018.07.21"]
[Round "1"]
[White "Jensen, Tobias Ilsoe"]
[Black "Tonnesen, Jan Ryder"]
[Result "1-0"]
[WhiteElo "2102"]
[BlackElo "1604"]
[EventDate "2018.07.21"]
[WhiteFideId "1437127"]
[BlackFideId "1461869"]

1.d4 d5 2.c4 e6 3.Nc3 Nf6 4.cxd5 exd5 5.Bg5 Be7 6.Qc2 Nc6 7.e3 a6 8.a3 h6 
9.Bh4 Nh5 10.Bxe7 Nxe7 11.Bd3 Nf6 12.Nf3 Be6 13.O-O O-O 14.Rad1 Bg4 15.Be2
Re8 16.Ne5 Bxe2 17.Qxe2 Qd6 18.f4 Nc6 19.Qf3 Rad8 20.g4 Nh7 21.h4 f6 22.
Nd3 b6 23.f5 Re7 24.Nf4 Ree8 25.Ncxd5 Nf8 26.Rc1 Rd7 27.Rxc6 1-0

[Event "Xtracon Chess Open 2018"]
[Site "Elsinore"]
[Date "2018.07.21"]
[Round "1"]
[White "Mejvik, Jacob"]
[Black "Knudsen, Martin Mosgaard"]
[Result "1-0"]
[WhiteElo "2099"]
[BlackElo "1590"]
[EventDate "2018.07.21"]
[WhiteFideId "1710621"]
[BlackFideId "1436937"]

1.Nf3 e6 2.c4 Nf6 3.d4 Bb4+ 4.Bd2 Be7 5.Nc3 d5 6.g3 c5 7.cxd5 exd5 8.Bg2 
Nc6 9.dxc5 Bxc5 10.O-O O-O 11.Rc1 a6 12.Bg5 d4 13.Ne4 Be7 14.Nc5 Qb6 15.
Na4 Qa7 16.a3 Bg4 17.b4 Rad8 18.Qb3 h6 19.Bf4 Nd5 20.Bd2 Nf6 21.Rfd1 Ne4 
22.Be1 Ng5 23.Nc5 Nxf3+ 24.exf3 Bf5 25.f4 Rd6 26.Qf3 Bf6 27.Bd2 d3 28.Be3 
Qb8 29.g4 Bh7 30.Nxb7 d2 31.Rxc6 Rxc6 32.Qxc6 Rc8 33.Qd6 1-0

[Event "Xtracon Chess Open 2018"]
[Site "Elsinore"]
[Date "2018.07.21"]
[Round "1"]
[White "Persson, Lars 1958"]
[Black "Besq, Alexander Le"]
[Result "0-1"]
[WhiteElo "1588"]
[BlackElo "2097"]
[EventDate "2018.07.21"]
[WhiteFideId "1742469"]
[BlackFideId "1437089"]

1.d4 Nf6 2.e3 d5 3.Bd3 e6 4.f4 c5 5.c3 Nc6 6.Nf3 Bd6 7.O-O O-O 8.Nbd2 b6 
9.Ne5 Bb7 10.Ndf3 Rc8 11.g4 Ne4 12.Nxc6 Bxc6 13.Qe2 Qe7 14.Bd2 Nxd2 15.
Qxd2 f6 16.Qc2 g6 17.Qf2 e5 18.Nh4 cxd4 19.cxd4 e4 20.Be2 Bd7 21.Rac1 Rxc1
22.Rxc1 Rc8 23.Rxc8+ Bxc8 24.f5 g5 25.Ng2 Qc7 26.Ne1 Qc1 27.Bf1 Bb4 28.Qc2
Qxe3+ 29.Kh1 Bd7 30.Qc7 Qxe1 31.Qd8+ Bf8 32.Kg2 e3 33.Qxd7 Qf2+ 34.Kh3 
Qf3# 0-1

[Event "Xtracon Chess Open 2018"]
[Site "Elsinore"]
[Date "2018.07.21"]
[Round "1"]
[White "Kizatbay, Abyl"]
[Black "Bratteteig, Tore-Inge"]
[Result "1-0"]
[WhiteElo "2088"]
[BlackElo "1585"]
[EventDate "2018.07.21"]
[WhiteFideId "1521853"]
[BlackFideId "1510711"]

1.e4 e6 2.d4 d5 3.Bd3 Nf6 4.e5 Nfd7 5.Nf3 c5 6.c3 Nc6 7.O-O Qb6 8.dxc5 
Bxc5 9.Qe2 O-O 10.Bxh7+ Kh8 11.Bc2 Be7 12.Ng5 g6 13.Qg4 Kg7 14.Nxe6+ 1-0

[Event "Xtracon Chess Open 2018"]
[Site "Elsinore"]
[Date "2018.07.21"]
[Round "1"]
[White "Lalla, Karol"]
[Black "Christiansen, Jens Jorgen"]
[Result "0-1"]
[WhiteElo "1580"]
[BlackElo "2086"]
[EventDate "2018.07.21"]
[WhiteFideId "12947407"]
[BlackFideId "1401670"]

1.d4 d5 2.f4 Nf6 3.Nf3 g6 4.e3 Bg4 5.Bd3 Bg7 6.Bd2 O-O 7.O-O c5 8.c3 Nc6 
9.Be1 Qb6 10.Qc2 Bxf3 11.Rxf3 Rac8 12.dxc5 Qxc5 13.Bf2 Nb4 14.Qe2 Nxd3 15.
Qxd3 Qc4 16.Qxc4 dxc4 17.Nd2 Rfd8 18.Rd1 Ne4 19.Be1 Rd3 20.Kf1 Rcd8 21.Ke2
f5 22.Nxe4 fxe4 0-1

[Event "Xtracon Chess Open 2018"]
[Site "Elsinore"]
[Date "2018.07.21"]
[Round "1"]
[White "Bebchuk, Leonid"]
[Black "Madsen, Dennis"]
[Result "1-0"]
[WhiteElo "2072"]
[BlackElo "1578"]
[EventDate "2018.07.21"]
[WhiteFideId "2803305"]
[BlackFideId "1425919"]

1.e4 d5 2.exd5 Nf6 3.d4 Nxd5 4.c4 Nb4 5.Qa4+ N8c6 6.d5 b5 7.Qd1 Nd4 8.Na3 
e5 9.Be3 c5 10.dxc6 Nbxc6 11.Nxb5 Bb4+ 12.Nc3 Bf5 13.Rc1 O-O 14.Ne2 Bg4 
15.f3 Bxf3 16.gxf3 Nxf3+ 17.Kf2 Qf6 18.Bg2 Qh4+ 19.Ng3 Nxh2 20.Rxh2 Qxh2 
21.Qd7 Qh4 22.Bxc6 Rad8 23.Qf5 Rd6 24.Rh1 Qxh1 25.Bxh1 Rf6 26.Qxf6 gxf6 
27.Nd5 1-0

[Event "Xtracon Chess Open 2018"]
[Site "Elsinore"]
[Date "2018.07.21"]
[Round "1"]
[White "Rasmussen, Ole"]
[Black "Jensen, Thore Nyboe"]
[Result "0-1"]
[WhiteElo "1577"]
[BlackElo "2072"]
[EventDate "2018.07.21"]
[WhiteFideId "1417118"]
[BlackFideId "1405349"]

1.e4 c5 2.Nf3 d6 3.d4 cxd4 4.Nxd4 Nf6 5.Nc3 a6 6.Be3 Ng4 7.Bg5 h6 8.Bh4 g5
9.Bg3 Bg7 10.h3 Ne5 11.Be2 Nbc6 12.Nxc6 bxc6 13.Rb1 Be6 14.Qd2 Nc4 15.Bxc4
Bxc4 16.b3 Qa5 17.Na4 Qxd2+ 18.Kxd2 Be6 19.c4 f5 20.f3 O-O 21.Rbe1 Rf7 22.
Nc3 a5 23.Bf2 fxe4 24.Nxe4 Bf5 25.Re2 a4 26.b4 Rb8 27.a3 Bb2 28.Re3 d5 29.
cxd5 cxd5 30.Rb1 Bd4 31.Bg3 Bxe3+ 32.Kxe3 Rc8 0-1

[Event "Xtracon Chess Open 2018"]
[Site "Elsinore"]
[Date "2018.07.21"]
[Round "1"]
[White "Jessen, Alexander"]
[Black "Wahlgreen, Noah"]
[Result "1-0"]
[WhiteElo "2071"]
[BlackElo "1568"]
[EventDate "2018.07.21"]
[WhiteFideId "1437917"]
[BlackFideId "1457349"]

1.d4 Nf6 2.c4 g6 3.Nc3 Bg7 4.e4 d6 5.Be2 O-O 6.f4 Nbd7 7.Nf3 c5 8.d5 Ne8 
9.O-O f5 10.exf5 Rxf5 11.Ng5 Bd4+ 12.Kh1 Nb6 13.Bg4 Rf8 14.Be6+ Kg7 15.
Bxc8 Qxc8 16.Ne6+ Kg8 17.Nxf8 Kxf8 18.Qe2 Nc7 19.Bd2 Qf5 20.Rae1 Re8 21.g4
Qc2 22.f5 Nxc4 23.Bh6+ 1-0

[Event "Xtracon Chess Open 2018"]
[Site "Elsinore"]
[Date "2018.07.21"]
[Round "1"]
[White "Damm, Henrik"]
[Black "Salerno, Christian"]
[Result "0-1"]
[WhiteElo "1567"]
[BlackElo "2070"]
[EventDate "2018.07.21"]
[WhiteFideId "1425013"]
[BlackFideId "1310810"]

1.c4 e5 2.Nc3 d6 3.Nf3 Nc6 4.g3 Be6 5.d3 Qd7 6.Bg2 O-O-O 7.Ng5 Bf5 8.Qa4 
Nh6 9.Bxc6 Qxc6 10.Qxc6 bxc6 11.Be3 a6 12.Bd2 f6 13.Nf3 Nf7 14.h4 d5 15.
cxd5 cxd5 16.a3 d4 17.Na2 e4 18.Nh2 exd3 19.e3 Bc5 20.g4 dxe3 21.fxe3 Be4 
22.O-O Ne5 23.Rac1 Bb6 24.Rf4 Bb7 25.Nc3 Rd6 26.Nd1 Re8 27.Nf2 Ng6 28.Rf5 
Re5 29.Rxe5 Nxe5 30.Rc3 Bf3 31.Nxd3 Rxd3 32.Rxd3 Nxd3 33.Nxf3 Nxb2 34.g5 
Nc4 35.Bc3 Bxe3+ 36.Kh1 Nxa3 37.gxf6 gxf6 38.Bxf6 Kd7 39.Bc3 Nb5 40.Bb2 
Ke6 41.Kg2 c5 42.Ne1 Nd4 43.Nd3 Kd5 44.Ba3 Nb5 45.Bb2 a5 46.Kg3 Bd4 47.
Nf4+ Ke5 48.Bc1 a4 49.h5 0-1

[Event "Xtracon Chess Open 2018"]
[Site "Elsinore"]
[Date "2018.07.21"]
[Round "1"]
[White "Liabotro, Ola"]
[Black "Sundin, Sven-Ingvar"]
[Result "1-0"]
[WhiteElo "2066"]
[BlackElo "1567"]
[EventDate "2018.07.21"]
[WhiteFideId "1512382"]
[BlackFideId "1724517"]

1.e4 e5 2.Nf3 Nc6 3.d4 exd4 4.Nxd4 Bc5 5.Nxc6 Qf6 6.Qf3 Qxc6 7.Nc3 a6 8.
Qg3 Bf8 9.Bd3 d6 10.Be3 Be6 11.f4 O-O-O 12.O-O g6 13.Bd4 f6 14.b4 Bc4 15.
a4 Bxd3 16.cxd3 Qd7 17.Rfc1 Bg7 18.Nd5 Ne7 19.Nb6+ 1-0

[Event "Xtracon Chess Open 2018"]
[Site "Elsinore"]
[Date "2018.07.21"]
[Round "1"]
[White "Starup, Leo"]
[Black "Pallesen, Jacob"]
[Result "0-1"]
[WhiteElo "1562"]
[BlackElo "2058"]
[EventDate "2018.07.21"]
[WhiteFideId "1422669"]
[BlackFideId "1404881"]

1.d4 Nf6 2.c4 g6 3.Nc3 Bg7 4.Nf3 O-O 5.Bg5 h6 6.Bh4 d6 7.e3 Na6 8.Be2 c5 
9.d5 Nc7 10.O-O Bd7 11.Qd3 a6 12.e4 b5 13.a4 bxc4 14.Qxc4 Rb8 15.Qa2 Rb4 
16.Bxf6 Bxf6 17.Bc4 Qb8 18.Rab1 Qb7 19.Rfc1 Rb8 20.b3 e6 21.Qd2 exd5 22.
Nxd5 Nxd5 23.Bxd5 Bc6 24.Bxf7+ Kxf7 25.Qxd6 Qd7 26.Qf4 Kg7 27.Rd1 Qe7 28.
Rd6 Rxb3 29.Re1 Rxf3 30.Qd2 Bc3 31.Qd1 Rf6 32.e5 Rxd6 0-1

[Event "Xtracon Chess Open 2018"]
[Site "Elsinore"]
[Date "2018.07.21"]
[Round "1"]
[White "Nielsen, Klaus"]
[Black "Gabrielsen, Rasmus Arvola"]
[Result "1-0"]
[WhiteElo "2057"]
[BlackElo "1546"]
[EventDate "2018.07.21"]
[WhiteFideId "1410210"]
[BlackFideId "1531190"]

1.d4 Nf6 2.Nf3 d5 3.e3 e6 4.Bd3 Be7 5.b3 O-O 6.Nbd2 c6 7.O-O b6 8.Ne5 Qc7 
9.Bb2 Nbd7 10.f4 Nxe5 11.fxe5 Nd7 12.Qh5 g6 13.Qh6 Re8 14.Rxf7 Kxf7 15.
Qxh7+ Kf8 16.Bxg6 1-0

[Event "Xtracon Chess Open 2018"]
[Site "Elsinore"]
[Date "2018.07.21"]
[Round "1"]
[White "Emborg, Jens"]
[Black "Schultz-Pedersen, Jesper"]
[Result "1-0"]
[WhiteElo "1545"]
[BlackElo "2057"]
[EventDate "2018.07.21"]
[WhiteFideId "1437534"]
[BlackFideId "1404482"]

1.e4 Nc6 2.d4 d5 3.e5 Bf5 4.Bb5 e6 5.Nf3 Ne7 6.O-O a6 7.Ba4 Qd7 8.Be3 Bg4 
9.Nbd2 Ng6 10.c3 Be7 11.h3 Bxf3 12.Nxf3 O-O 13.Qd2 b5 14.Bc2 Na5 15.Bd3 
Nc4 16.Bxc4 bxc4 17.Rfb1 Rfb8 18.b3 Qc6 19.bxc4 Qxc4 20.Ne1 Rb6 21.Rxb6 
cxb6 22.Nc2 Rc8 23.Nb4 a5 24.Nd3 Qxc3 25.Rc1 1-0

[Event "Xtracon Chess Open 2018"]
[Site "Elsinore"]
[Date "2018.07.21"]
[Round "1"]
[White "Skjoldager, Mikael"]
[Black "Narheim, Mats"]
[Result "1-0"]
[WhiteElo "2057"]
[BlackElo "1544"]
[EventDate "2018.07.21"]
[WhiteFideId "1434314"]
[BlackFideId "1518607"]

1.e4 c5 2.Nf3 g6 3.d4 cxd4 4.Nxd4 Bg7 5.c4 Nc6 6.Nc2 d6 7.Be2 Nf6 8.Nc3 
O-O 9.O-O Bd7 10.Be3 Qc8 11.Qd2 Ne5 12.b3 Nc6 13.f3 b6 14.Rac1 h5 15.Bg5 
Nd8 16.Kh1 Ne6 17.Bxf6 Bxf6 18.Nd5 Kg7 19.Nxf6 Kxf6 20.Qc3+ Kg5 21.f4+ Kh6
22.f5 Nc5 23.b4 Nb7 24.Qe3+ Kh7 25.Qg5 Qd8 26.Bxh5 Rg8 27.fxg6+ 1-0

[Event "Xtracon Chess Open 2018"]
[Site "Elsinore"]
[Date "2018.07.21"]
[Round "1"]
[White "Gaure, Sigurd Lauvas"]
[Black "Colbow, Collin"]
[Result "0-1"]
[WhiteElo "1535"]
[BlackElo "2055"]
[EventDate "2018.07.21"]
[WhiteFideId "1524933"]
[BlackFideId "16201132"]

1.e4 c5 2.Nf3 d6 3.d4 cxd4 4.Nxd4 Nf6 5.Nc3 g6 6.Be3 Bg7 7.f3 O-O 8.Qd2 
Nc6 9.Bc4 Bd7 10.O-O-O Rb8 11.g4 b5 12.Bb3 Na5 13.h4 Nc4 14.Bxc4 bxc4 15.
h5 Qa5 16.hxg6 fxg6 17.g5 Nh5 18.Qh2 Qb4 19.Ncb5 Bxb5 20.c3 Qa5 21.Nf5 
Qxa2 0-1

[Event "Xtracon Chess Open 2018"]
[Site "Elsinore"]
[Date "2018.07.21"]
[Round "1"]
[White "1941, Bo HT Eriksson"]
[Black "Joensen, Sigurd"]
[Result "1-0"]
[WhiteElo "2053"]
[BlackElo "1515"]
[EventDate "2018.07.21"]
[WhiteFideId "1702777"]
[BlackFideId "7200935"]

1.d4 d5 2.Nf3 Nc6 3.Bf4 e6 4.e3 a6 5.c4 Bb4+ 6.Nc3 Nge7 7.Qc2 Bd6 8.Bg5 f6
9.Bh4 Bb4 10.Bd3 Bxc3+ 11.bxc3 dxc4 12.Bxc4 Nf5 13.Bg3 Nxg3 14.hxg3 f5 15.
e4 Qf6 16.exf5 exf5 17.O-O Kf8 18.Rfe1 g6 19.Ne5 Kg7 20.Nxc6 Qxc6 21.Re7+ 
Kh6 22.Qe2 g5 23.Bf7 Qf6 24.Re1 Kg7 25.Bb3+ Kf8 26.Rf7+ 1-0

[Event "Xtracon Chess Open 2018"]
[Site "Elsinore"]
[Date "2018.07.21"]
[Round "1"]
[White "O`gorman, Brian"]
[Black "Nielsen, Jorgen Lovgren"]
[Result "0-1"]
[WhiteElo "1514"]
[BlackElo "2051"]
[EventDate "2018.07.21"]
[WhiteFideId "2509601"]
[BlackFideId "1403850"]

1.e4 e5 2.Nf3 Nc6 3.Bc4 Nf6 4.d3 d5 5.exd5 Nxd5 6.O-O Be7 7.Re1 Bg4 8.c3 
Qd6 9.h3 Bh5 10.Qe2 f6 11.Nbd2 Nf4 12.Qe3 g5 13.Ne4 Qd7 14.b4 a6 15.Nc5 
Bxc5 16.bxc5 O-O-O 17.Rd1 Nxh3+ 18.Kf1 Nf4 19.Bb2 Nxg2 20.Kxg2 Qg4+ 21.Kf1
Qxf3 22.Qxf3 Bxf3 23.Re1 Rhe8 24.Re3 g4 25.Bf7 Re7 26.Bh5 Rg8 27.Rxf3 gxf3
28.Bxf3 Reg7 29.Ke2 Rg1 30.d4 Rxa1 31.Bxa1 Rg1 32.Bb2 Rb1 33.Ba3 Ra1 34.
Ke3 Rxa2 35.Bc1 Rc2 36.Bd2 exd4+ 37.cxd4 Nxd4 38.Bg4+ f5 39.Bh3 Rc4 40.Kd3
Ra4 41.Bc3 Nb5 42.Bxf5+ Kb8 43.Bd2 Rd4+ 44.Ke3 h5 45.Bg6 h4 46.Be4 h3 47.
Bh1 Rg4 48.f4 Rg1 49.Bf3 h2 50.f5 Rg3 0-1

[Event "Xtracon Chess Open 2018"]
[Site "Elsinore"]
[Date "2018.07.21"]
[Round "1"]
[White "Stray, Gunnar"]
[Black "Kharraziha, Hamid"]
[Result "1-0"]
[WhiteElo "2048"]
[BlackElo "1502"]
[EventDate "2018.07.21"]
[WhiteFideId "1501631"]
[BlackFideId "1726862"]

1.d4 d5 2.Nf3 Nf6 3.e3 e6 4.Bd3 c5 5.b3 Nc6 6.Bb2 cxd4 7.exd4 Bd6 8.O-O 
O-O 9.a3 b6 10.Nbd2 Qc7 11.Re1 Bb7 12.Ne5 Rac8 13.Qf3 Bxe5 14.dxe5 Nd7 15.
Qh3 h6 16.Qg3 Nc5 17.Bf1 Ne7 18.Rac1 Nf5 19.Qh3 b5 20.g4 Ne7 21.Bd4 a6 22.
Bg2 Ng6 23.Qg3 a5 24.f4 Ne7 25.Bh3 b4 26.axb4 axb4 27.f5 Ra8 28.f6 gxf6 
29.exf6 Qxg3+ 30.hxg3 Ng6 31.Bxc5 Rfc8 32.Bxb4 Ra2 33.Bg2 Rcxc2 34.Rxc2 
Rxc2 35.Bf1 Rb2 36.Bd3 d4 37.Bxg6 fxg6 38.Rxe6 1-0

[Event "Xtracon Chess Open 2018"]
[Site "Elsinore"]
[Date "2018.07.21"]
[Round "1"]
[White "Stromhaug, Kristoffer Wang"]
[Black "Mortensen, Rogvi"]
[Result "0-1"]
[WhiteElo "1502"]
[BlackElo "2047"]
[EventDate "2018.07.21"]
[WhiteFideId "1533401"]
[BlackFideId "7202369"]

1.e4 c5 2.Nf3 g6 3.d3 Bg7 4.Be3 Bxb2 5.Nbd2 d6 6.Rb1 Bg7 7.g3 Nc6 8.a3 e6 
9.Bg2 Nge7 10.Nb3 O-O 11.O-O b6 12.Qd2 d5 13.Nh4 Ba6 14.f4 dxe4 15.Bxe4 
Qc7 16.Rfd1 Rfd8 17.Qe2 Nd5 18.Bxd5 Rxd5 19.c4 Rdd8 20.Nf3 e5 21.fxe5 Nxe5
22.Bf4 Nxf3+ 23.Qxf3 Qc8 24.Re1 Bb7 25.Qf2 Qc6 26.Kf1 Rxd3 0-1

[Event "Xtracon Chess Open 2018"]
[Site "Elsinore"]
[Date "2018.07.21"]
[Round "1"]
[White "Gonzalez, Francisco Silva"]
[Black "Hina, Ariza"]
[Result "1-0"]
[WhiteElo "2045"]
[BlackElo "1483"]
[EventDate "2018.07.21"]
[WhiteFideId "1512285"]
[BlackFideId "1525441"]

1.d4 d5 2.c4 e6 3.Nc3 Nf6 4.Bg5 c6 5.Qc2 Nbd7 6.e3 Be7 7.Nf3 O-O 8.Bd3 
dxc4 9.Bxc4 b5 10.Bd3 a6 11.a4 Bb7 12.Rd1 Rc8 13.e4 b4 14.e5 bxc3 15.exf6 
Bxf6 16.Be3 cxb2 17.Qxb2 Ba8 18.Qc2 a5 19.Bxh7+ Kh8 20.Be4 Qe7 21.O-O e5 
22.Bf5 Rcd8 23.dxe5 Nxe5 24.Bc5 Nxf3+ 25.gxf3 Qc7 26.Bxf8 Rxf8 27.Qc5 Be7 
28.Qe3 Bd6 29.Qg5 g6 30.Qf6+ Kh7 31.Rxd6 1-0

[Event "Xtracon Chess Open 2018"]
[Site "Elsinore"]
[Date "2018.07.21"]
[Round "1"]
[White "Jensen, Jonbert M. S."]
[Black "Hansen, Svein E"]
[Result "0-1"]
[WhiteElo "1481"]
[BlackElo "2041"]
[EventDate "2018.07.21"]
[WhiteFideId "1435914"]
[BlackFideId "1519727"]

1.e4 e6 2.d4 d5 3.Nc3 Nf6 4.e5 Nfd7 5.Nf3 c5 6.Be3 Nc6 7.Bb5 Qb6 8.O-O a6 
9.Bxc6 bxc6 10.Na4 Qa5 11.c3 cxd4 12.cxd4 Nb6 13.Nxb6 Qxb6 14.Qc2 Be7 15.
Rfc1 Bd7 16.Ne1 Rb8 17.Nd3 O-O 18.a4 a5 19.Nc5 Qa7 20.b3 Rfc8 21.Rab1 Be8 
22.Qc3 Bd8 23.Qd3 Qe7 24.Rb2 f6 25.f4 Bg6 26.Qe2 fxe5 27.fxe5 Ra8 28.Qg4 
Bf5 29.Qg3 Rcb8 30.Qf3 Bb6 31.Qg3 Kh8 32.Bg5 Qe8 33.Qh4 Ra7 34.g4 Bg6 35.
Qg3 h6 36.Be3 Rf7 37.Rf1 Rxf1+ 38.Kxf1 Qe7 39.Kg1 Kg8 40.h4 Rf8 41.h5 Bxc5
42.dxc5 Be4 43.Rf2 Rxf2 44.Bxf2 Qf7 45.Kh2 Qf3 46.Kh3 Qh1+ 47.Qh2 Qf1+ 48.
Kg3 Qd3+ 49.Kh4 Qxb3 50.g5 Bf5 51.gxh6 Qxa4+ 0-1

[Event "Xtracon Chess Open 2018"]
[Site "Elsinore"]
[Date "2018.07.21"]
[Round "1"]
[White "Morling, Aase"]
[Black "Skaarup, Kasper"]
[Result "0-1"]
[WhiteElo "1476"]
[BlackElo "2037"]
[EventDate "2018.07.21"]
[WhiteFideId "1440993"]
[BlackFideId "1446045"]

1.e4 e6 2.d4 d5 3.e5 c5 4.c3 Qb6 5.Bd3 Nc6 6.Nf3 cxd4 7.cxd4 Bd7 8.O-O 
Nxd4 9.Nxd4 Qxd4 10.Nc3 Qxe5 11.Re1 Qb8 12.Nxd5 Bd6 13.g3 Ne7 14.Nxe7 Bxe7
15.Qg4 Bf6 16.Qb4 a5 17.Qb3 O-O 18.Bb5 Qe8 19.Bxd7 Qxd7 20.Rd1 Qc6 21.a4 
g6 22.Be3 Rfd8 23.Rac1 Qf3 24.Qc2 Kg7 25.Re1 Qg4 26.Qe2 Qxa4 27.Ra1 Qb4 
28.Rab1 Rac8 29.Red1 Rxd1+ 30.Qxd1 a4 31.Bd2 Qe4 32.Rc1 Rc4 33.Rxc4 Qxc4 
34.Bc3 Bxc3 35.bxc3 b5 36.Qa1 h6 37.Kg2 Kh7 38.h3 Qb3 39.h4 h5 40.Kh2 a3 
41.Kh3 Qb2 42.Qd1 Qxc3 43.Qd7 Kg7 44.Qxb5 0-1

[Event "Xtracon Chess Open 2018"]
[Site "Elsinore"]
[Date "2018.07.21"]
[Round "1"]
[White "Alquist, Erik"]
[Black "Jensen, Hans Askov"]
[Result "1-0"]
[WhiteElo "2035"]
[BlackElo "1473"]
[EventDate "2018.07.21"]
[WhiteFideId "1707701"]
[BlackFideId "1419889"]

1.e4 e5 2.Nf3 Nc6 3.Bb5 a6 4.Ba4 Nf6 5.O-O Bc5 6.c3 b5 7.Bb3 O-O 8.Re1 d6 
9.h3 Na5 10.Bc2 Bb7 11.b4 Bxf2+ 12.Kxf2 Nc4 13.d3 Nb6 14.Kg1 Qd7 15.Be3 
Qc6 16.Bb3 Rae8 17.Nbd2 d5 18.Bc5 dxe4 19.dxe4 Rd8 20.Bxf8 Kxf8 21.Qe2 
Qxc3 22.Rac1 Qxb4 23.Rxc7 Bxe4 24.Rxf7+ Ke8 25.Nxe4 Nxe4 26.Qxe4 Nc4 27.
Nxe5 Qc5+ 28.Kh1 Nd6 29.Nc6+ Nxe4 30.Rxe4+ 1-0

[Event "Xtracon Chess Open 2018"]
[Site "Elsinore"]
[Date "2018.07.21"]
[Round "1"]
[White "Gade, Jens"]
[Black "Fransson, Angelina"]
[Result "0-1"]
[WhiteElo "1465"]
[BlackElo "2035"]
[EventDate "2018.07.21"]
[WhiteFideId "1416111"]
[BlackFideId "1712632"]

1.f4 Nf6 2.Nf3 g6 3.e3 Bg7 4.Nc3 d5 5.Be2 c5 6.O-O Nc6 7.Ne5 d4 8.Nxc6 
bxc6 9.Nb1 Rb8 10.Na3 O-O 11.Rb1 Be6 12.b3 Qc8 13.Nc4 Rd8 14.Qe1 Ne4 15.
Bb2 dxe3 16.dxe3 Bxc4 17.Bxc4 Nd2 18.Bxg7 Kxg7 19.Rd1 Nxf1 20.Kxf1 Qf5 21.
Bd3 Qf6 22.Qa5 e5 23.g3 c4 24.Be2 Rxd1+ 25.Bxd1 exf4 26.exf4 cxb3 27.axb3 
Qd4 28.Be2 Re8 29.Bd3 Qe3 30.Kg2 Kg8 31.Qc3 Qe6 32.Qa5 Qd5+ 33.Qxd5 cxd5 
34.Kf2 Kf8 35.Kf3 Re1 36.Kf2 Re6 37.Kf3 Ke7 38.f5 Re1 39.Kf2 Re5 40.fxg6 
hxg6 41.Kf3 Kd6 42.Kf4 Ke6 43.g4 Kf6 44.h4 g5+ 45.hxg5+ Rxg5 46.Bf5 Rg8 
47.Bd3 Re8 48.Bf5 Re1 49.Bd3 Ke7 50.Kf5 f6 51.Kf4 Ke6 52.Bf5+ Kd6 53.Bd3 
Re5 54.Bf5 d4 55.Be4 Kc5 56.g5 Rxg5 57.Bd3 Re5 58.Kg4 Kb4 0-1

[Event "Xtracon Chess Open 2018"]
[Site "Elsinore"]
[Date "2018.07.21"]
[Round "1"]
[White "Christiansen, Arne"]
[Black "Ji, Jiahao Eric"]
[Result "1-0"]
[WhiteElo "2032"]
[BlackElo "1463"]
[EventDate "2018.07.21"]
[WhiteFideId "1402013"]
[BlackFideId "1533371"]

1.d4 Nf6 2.c4 g6 3.Nc3 Bg7 4.g3 d5 5.Nf3 O-O 6.Bg2 c6 7.cxd5 cxd5 8.O-O 
Nc6 9.Bf4 Ne4 10.Rc1 e6 11.Ne5 Qb6 12.Nxc6 bxc6 13.Nxe4 dxe4 14.Bxe4 Bb7 
15.e3 Rfd8 16.Qc2 Rac8 17.Qc5 f5 18.Bf3 Ba6 19.Rfd1 Qxb2 20.Qxa7 Be2 21.
Rb1 Qc2 22.Rdc1 Qd2 23.Bxe2 Qxe2 24.Rb7 Bf6 25.Bh6 Rf8 26.Rg7+ Kh8 27.
Rxh7+ Kg8 28.Bxf8 Rxf8 29.Rb7 Qf3 30.Rb8 Rxb8 31.Qxb8+ Kh7 32.Qd6 1-0

[Event "Xtracon Chess Open 2018"]
[Site "Elsinore"]
[Date "2018.07.21"]
[Round "1"]
[White "Stage, Mathias Juul"]
[Black "Svendsen, Mads O."]
[Result "0-1"]
[WhiteElo "1447"]
[BlackElo "2030"]
[EventDate "2018.07.21"]
[WhiteFideId "1463306"]
[BlackFideId "1411780"]

1.d4 Nf6 2.Bf4 g6 3.Nf3 Bg7 4.e3 O-O 5.Bd3 d6 6.c3 Nbd7 7.Qc2 Re8 8.Nbd2 
b6 9.a4 Bb7 10.a5 e5 11.dxe5 dxe5 12.Bg5 e4 13.Nxe4 Bxe4 14.Bxe4 Rxe4 15.
Qxe4 Nxe4 16.Bxd8 Rxd8 17.axb6 axb6 18.Rd1 Bf6 19.O-O Ndc5 20.Rxd8+ Bxd8 
21.Ra1 Bf6 22.Ra8+ Kg7 23.Rc8 Nd3 24.Rxc7 Nxb2 25.Rc6 Bxc3 26.Rxb6 Nd1 27.
Rc6 Ndxf2 28.Rxc3 Nh3+ 29.gxh3 Nxc3 30.Kf2 Kf6 31.Nd4 Ke5 32.Nf3+ Kf5 33.
Nh4+ Ke4 34.Ng2 f5 35.h4 h6 36.h3 h5 37.Nf4 Nd1+ 38.Kg3 Nxe3 39.Nxg6 Nd5 
40.Nf8 Ke3 41.Ne6 f4+ 42.Kg2 f3+ 43.Kf1 f2 44.Nd4 Kxd4 45.Kxf2 Ke4 46.Kg3 
Ke3 47.Kg2 Nf4+ 48.Kg3 Nd3 49.Kg2 Kf4 50.Kh2 Kf3 51.Kh1 Kg3 52.Kg1 Kxh3 
53.Kh1 Nf4 54.Kg1 Kg3 55.Kh1 Ng6 56.Kg1 Nxh4 57.Kh1 Ng6 58.Kg1 Nf4 59.Kh1 
Nd3 60.Kg1 Nf2 61.Kf1 h4 0-1

[Event "Xtracon Chess Open 2018"]
[Site "Elsinore"]
[Date "2018.07.21"]
[Round "1"]
[White "Hjornevik, Oyvind"]
[Black "Pakmor, Claus"]
[Result "0-1"]
[WhiteElo "1414"]
[BlackElo "2023"]
[EventDate "2018.07.21"]
[WhiteFideId "1516159"]
[BlackFideId "1431609"]

1.c4 e6 2.g3 d5 3.Bg2 Nf6 4.cxd5 exd5 5.d4 b6 6.Nc3 Bb7 7.Nf3 c5 8.Bf4 Bd6
9.Ne5 cxd4 10.Qa4+ Kf8 11.Qxd4 Bxe5 12.Bxe5 Nc6 13.Bxf6 Nxd4 14.Bxd8 Rxd8 
15.O-O-O Ne6 16.Bxd5 Bxd5 17.Rxd5 Rxd5 18.Nxd5 f6 19.Kb1 Kf7 20.Rc1 Rd8 
21.Nc7 Nc5 22.Kc2 Rc8 23.b4 Ne6 24.Kb3 Rxc7 25.Ra1 Nd4+ 0-1

[Event "Xtracon Chess Open 2018"]
[Site "Elsinore"]
[Date "2018.07.21"]
[Round "1"]
[White "Andersson, Lars"]
[Black "Lye, Sverre"]
[Result "1-0"]
[WhiteElo "2022"]
[BlackElo "1405"]
[EventDate "2018.07.21"]
[WhiteFideId "1706772"]
[BlackFideId "1539353"]

1.d4 Nf6 2.Bf4 g6 3.e3 Bg7 4.Nf3 d6 5.Be2 O-O 6.O-O Nbd7 7.h3 b6 8.c4 c5 
9.Nc3 cxd4 10.exd4 Bb7 11.Re1 Ne4 12.Rc1 Re8 13.Qc2 Nxc3 14.Qxc3 Rc8 15.
Qd2 Nf6 16.b4 Ne4 17.Qe3 e5 18.dxe5 dxe5 19.Bh2 Qe7 20.a3 f5 21.Red1 f4 
22.Qb3 Kh8 23.Ne1 Red8 24.Rxd8+ Rxd8 25.Rd1 Rxd1 26.Bxd1 Qh4 27.Qc2 Ng5 
28.c5 f3 29.c6 Nxh3+ 30.gxh3 Ba6 31.b5 1-0

[Event "Xtracon Chess Open 2018"]
[Site "Elsinore"]
[Date "2018.07.21"]
[Round "1"]
[White "Keymer, Cecilia"]
[Black "Roder, Peter Ulrik"]
[Result "0-1"]
[WhiteElo "1380"]
[BlackElo "2021"]
[EventDate "2018.07.21"]
[WhiteFideId "16233468"]
[BlackFideId "1402471"]

1.d4 d5 2.c4 e6 3.Nc3 Nf6 4.cxd5 exd5 5.Bg5 Be7 6.e3 c6 7.Bd3 h6 8.Bh4 Ne4
9.Bxe7 Qxe7 10.Nf3 Nd7 11.Qc2 Nxc3 12.bxc3 O-O 13.O-O Re8 14.Rab1 b5 15.a4
a6 16.a5 c5 17.Qa2 c4 18.Bc2 g5 19.Rfe1 Bb7 20.Bf5 Kg7 21.Qc2 Rad8 22.h3 
Nb8 23.Ne5 Nc6 24.Nxc6 Bxc6 25.Rec1 Qf6 26.Re1 h5 27.e4 dxe4 28.Bxe4 Bd7 
29.f3 Re7 30.Qd2 Rde8 31.Qf2 Qd6 32.Qd2 f6 33.Ra1 g4 34.hxg4 hxg4 35.Qf2 
g3 36.Qd2 Rh8 37.Kf1 f5 38.Qg5+ Kf8 39.Ke2 fxe4 40.Kd2 Qh6 41.Qxh6+ Rxh6 
42.fxe4 Rh4 43.e5 Bc6 44.Rh1 Rh2 45.Raf1+ Rf7 46.e6 Rxg2+ 47.Ke3 Rxf1 48.
Rxf1+ Rf2 49.Rxf2+ gxf2 50.Kxf2 Ke7 51.Ke3 Kxe6 52.Ke2 Be4 53.Ke3 Kf5 54.
Kd2 Kf4 55.Ke2 Bd5 56.Kd2 Kf3 57.Kc2 Ke3 58.Kc1 Kd3 59.Kb2 Kd2 0-1

[Event "Xtracon Chess Open 2018"]
[Site "Elsinore"]
[Date "2018.07.21"]
[Round "1"]
[White "Hakansson, Stefan"]
[Black "Tarakanov, Vladislav"]
[Result "1-0"]
[WhiteElo "2019"]
[BlackElo "1380"]
[EventDate "2018.07.21"]
[WhiteFideId "1708198"]
[BlackFideId "54149010"]

1.d4 e6 2.Nf3 Nf6 3.Bf4 d5 4.e3 c5 5.c3 Nc6 6.Nbd2 Be7 7.h3 Qb6 8.Qb3 Qa5 
9.Be2 O-O 10.O-O h6 11.Bh2 Re8 12.Ne5 cxd4 13.Nxc6 bxc6 14.exd4 c5 15.dxc5
Bxc5 16.Qc2 Qb6 17.Qb3 Qd8 18.Bf3 Ba6 19.Rfe1 Bd6 20.Bxd6 Qxd6 21.Rad1 
Rab8 22.Qc2 Qb6 23.Rb1 Rec8 24.b3 Qc5 25.Rbc1 Rc7 26.Qb2 Qb6 27.Be2 Bxe2 
28.Rxe2 Rbc8 29.Ree1 Nd7 30.Qa1 Nc5 31.Re3 Qa6 32.c4 dxc4 33.Nxc4 Nb7 34.
Rg3 g6 35.Re1 Nd6 36.Nxd6 Qxd6 37.Qf6 Rc1 38.Re3 Qd2 39.Rxc1 Rxc1+ 40.Kh2 
Qd6+ 41.Qe5 Qd2 42.Qb8+ Kg7 43.Rf3 Qd7 44.Qe5+ Kh7 45.Rc3 Rxc3 46.Qxc3 
Qd6+ 47.g3 Qd1 48.Qc7 Kg7 49.Qxa7 Qc2 50.b4 Qb2 51.a3 e5 52.Qe3 Kh7 53.Kg2
e4 54.Qxe4 Qxa3 55.b5 Qb3 56.Qc6 Qb4 57.b6 Kg7 58.b7 h5 59.Qd7 Qe4+ 60.Kh2
Qb4 61.Qc7 Qd4 62.Qf4 1-0